| 000 | 00533 a2200205 4500 | ||
|---|---|---|---|
| 005 | 20260127101413.0 | ||
| 008 | 260122b |||||||| |||| 00| 0 eng d | ||
| 020 |
_a9789389412543 _cRs. 3595.00 |
||
| 040 | _aMAIN | ||
| 082 |
_a570.284 _bT246I |
||
| 100 | _aReddy, S M | ||
| 245 | _aInstrumentation in biosciences | ||
| 260 |
_bScientific Publishers _c2025 _aJodhpur |
||
| 300 | _axiv, 334 | ||
| 650 | _aLife Sciences | ||
| 650 | _aBiology | ||
| 650 | _aAnalytical Instruments | ||
| 700 | _aMerugu, Ramchandra | ||
| 942 | _cBK | ||
| 999 |
_c395722 _d395722 |
||